Devine le joueur de foot #21 - Statistiques

Statistiques générales
  • Ce quiz a été pris 128 fois
  • Le résultat moyen est 18 sur 20
Statistiques - réponses
Par images Réponse % Correct
Ousmane Dembélé
100%
Raphaël Varane
98%
N'Golo Kanté
97%
Ronaldo de Assis Moreira
96%
Thierry Henry
96%
Samuel Umtiti
95%
Bernardo Silva
93%
Rodrigo Hernández Cascante
93%
Toni Kroos
93%
David Beckham
92%
Randal Kolo Muani
92%
Lucas Tolentino Coella de Lima
91%
Marc Cucurella
91%
Mike Maignan
91%
Samir Nasri
91%
William Saliba
91%
Marcos Aoás Corrêa
90%
Marc-André ter Stegen
83%
Granit Xhaka
73%
Benjamin Šeško
58%
Aucun quiz correspondant
Distribution des résultats
% des personnes avec chaque résultat
Percentile par nombre de réponses
Votre historique - résultats
Vous n’avez pas pris ce quiz